000 00658nam a22002417a 4500
003 UA-OsUOA
001 92198
007 ta
008 20121211b un ||||| |||| 00| 0 ukr d
100 _aЧубенко В.
700 _aТумаркін Я.
090 _a821.161.2
_bЧ-81
942 _cBK
040 _aUA-OsUOA
_bukr
_cUA-OsUOA
_dUA-OsUOA
245 _aЛюдина з табору "Ді-Пі"
_bдокументальна повість
300 _a188 с.
955 _a3
041 _aukr
080 _a821.161.2
260 _aК.
_c1978
650 7 _a82 Література. Літературознавство
_2UDC
999 _c378477
_d378477